[Event "African-ch U14"]
[Site "Kisumu"]
[Date "2018.08.13"]
[Round "3.2"]
[White "Zane, Rayane"]
[Black "Chinyanga, Omar"]
[Result "1-0"]
[WhiteElo "1658"]
[BlackElo "1453"]
[PlyCount "76"]
[EventDate "2018.08.12"]
[EventType "swiss"]
[EventRounds "9"]
[EventCountry "KEN"]
[SourceTitle "EXT 2024"]
[Source "ChessBase"]
[SourceDate "2023.10.10"]
[SourceVersion "1"]
[SourceVersionDate "2023.10.10"]
[SourceQuality "1"]

1. e4 c6 2. d4 d5 3. Nc3 dxe4 4. Nxe4 Bf5 5. Ng3 Bg6 6. h4 h5 7. Nf3 Nd7 8. Bd3 Bxd3 9. Qxd3 Ngf6 10. Ng5 e6 11. Bd2 c5 12. 0-0-0 cxd4 13. Nxe6 Qb6 14. Nxf8 Nxf8 15. Nf5 Ne6 16. Qg3 Ne4 17. Nxg7+ Kd7 18. Qf3 Nd6 19. Nxe6 fxe6 20. Rhe1 Raf8 21. Qe2 Nf5 22. Bg5 Re8 23. Bf6 Rhg8 24. Qe4 Rg4 25. f4 Kc8 26. Bxd4 Nxd4 27. Rxd4 e5 28. Rc4+ Kb8 29. Rb4 Qc7 30. Qf3 Rf8 31. Rxe5 b6 32. Rbe4 Rc8 33. Re2 Qc4 34. Re7 Qxf4+ 35. Qxf4+ Rxf4 36. g3 Rf3 37. R2e3 Rf2 38. Ra3 Rd8 1-0